000 00577nam a2200181Ia 4500
008 100920s9999 xx 000 0 und d
082 _b92378
_a24 न 05
100 _aशर्मा शशीशेखर.
245 _aइस भवर के पार.
260 _bराधाकृष्ण प्रकाशन,दिल्ली.
_c2005
300 _a91
_bसाधी
365 _b125
520 _aसायो.
630 _aइस भवर के पार.
650 _aसायो.
730 _aइस भवर के पार.
942 _cBOOK
999 _c732824
_d732821